Ekonomický slovník v 11 jazycích
Salvato in:
| Natura: | Libro |
|---|---|
| Lingua: | tedesco inglese francese italiano spagnolo portoghese olandese svedese polacco ceco ungherese |
| Pubblicazione: |
Praha
Svojtka & Co.
1998
|
| Soggetti: | |
| Tags: |
Nessun Tag, puoi essere il primo ad aggiungerne!!
|
MARC
| LEADER | 00000nam a2200000 4500 | ||
|---|---|---|---|
| 001 | c103163 | ||
| 005 | 20221109093405.7 | ||
| 020 | |a 80-7237-148-7 | ||
| 041 | 0 | |a ger | |
| 041 | 0 | |a eng | |
| 041 | 0 | |a fre | |
| 041 | 0 | |a ita | |
| 041 | 0 | |a spa | |
| 041 | 0 | |a por | |
| 041 | 0 | |a dut | |
| 041 | 0 | |a swe | |
| 041 | 0 | |a pol | |
| 041 | 0 | |a cze | |
| 041 | 0 | |a hun | |
| 044 | |a CZ | ||
| 245 | 1 | 0 | |a Ekonomický slovník v 11 jazycích |
| 264 | 1 | |a Praha |b Svojtka & Co. |c 1998 | |
| 300 | |a 1135 s. | ||
| 610 | 2 | 0 | |a ekonómia |
| 610 | 2 | 0 | |a terminológia |
| 610 | 2 | 0 | |a jazyky cudzie |